| 000 | 00508nam a2200193Ia 4500 | ||
|---|---|---|---|
| 008 | 220531s9999 xx 000 0 und d | ||
| 041 | _aeng | ||
| 082 | _bPAT | ||
| 100 |
_aPatil, S. R. _970251 |
||
| 245 | _aComputational Geometry: Mathematics: Paper-i: Semester-ii | ||
| 250 | _a1ST | ||
| 260 |
_aPune _bNirali _c2014 |
||
| 300 | _aA.44, M-2 | ||
| 542 | _d09-07-2015 | ||
| 551 |
_aComputer Science _bNon-grant-CS |
||
| 650 |
_aMathematics _970252 |
||
| 906 | _d2015-2016 | ||
| 999 |
_c39357 _d39357 |
||